صـياغات تشكيلية معاصـرة لدمى خيـال الظل فى ضـوء الفكر الفلسفى لإتجاهات من الفــن الحديث كمدخل تجريبى لتدريس الأشـــغال الفنية / (Record no. 178403)

MARC details
000 -LEADER
fixed length control field 03927namaa22004211i 4500
003 - CONTROL NUMBER IDENTIFIER
control field OSt
005 - أخر تعامل مع التسجيلة
control field 20260414140317.0
008 - FIXED-LENGTH DATA ELEMENTS--GENERAL INFORMATION
fixed length control field 250827s2024 ua a|||frm||| 000 0 eng d
040 ## - CATALOGING SOURCE
Original cataloguing agency EG-GICUC
Language of cataloging ara
Transcribing agency EG-GICUC
Modifying agency EG-GICUC
Description conventions rda
041 0# - LANGUAGE CODE
Language code of text/sound track or separate title ara
Language code of summary or abstract ara
-- eng
049 ## - Acquisition Source
Acquisition Source إيداع
082 04 - DEWEY DECIMAL CLASSIFICATION NUMBER
Classification number 791.53
092 ## - LOCALLY ASSIGNED DEWEY CALL NUMBER (OCLC)
Classification number 791.53
Edition number 21
097 ## - Degree
Degree دكتـــــوراه‎
099 ## - LOCAL FREE-TEXT CALL NUMBER (OCLC)
Local Call Number Cai01.25.01.Ph.D.2024.سا.ص
100 0# - MAIN ENTRY--PERSONAL NAME
Authority record control number or standard number ،ســـارة حسن مصطفى ســليمان
Preparation إعداد.
245 10 - TITLE STATEMENT
Title صـياغات تشكيلية معاصـرة لدمى خيـال الظل فى ضـوء الفكر الفلسفى لإتجاهات من الفــن الحديث كمدخل تجريبى لتدريس الأشـــغال الفنية /
Statement of responsibility, etc. إعداد ســـارة حسن مصطفى ســليمان؛ إشراف أ.د فاطمة عبد العزيز المحمودى، أ.م.د أسامة محمد على.
246 15 - VARYING FORM OF TITLE
Title proper/short title Contemporary formations of shadow puppets based on philosophical thought trends of modern art as an experimental approach to the artistic crafts teaching /
264 #0 - PRODUCTION, PUBLICATION, DISTRIBUTION, MANUFACTURE, AND COPYRIGHT NOTICE
Date of production, publication, distribution, manufacture, or copyright notice 2024.
300 ## - PHYSICAL DESCRIPTION
Extent 290 صفحة :
Other physical details إيضاحيات ؛
Dimensions 30 سم. +
Accompanying material CD.
336 ## - CONTENT TYPE
Content type term text
Source rda content
337 ## - MEDIA TYPE
Media type term Unmediated
Source rdamedia
338 ## - CARRIER TYPE
Carrier type term volume
Source rdacarrier
502 ## - DISSERTATION NOTE
Dissertation note أطروحة (دكتوراه)-جامعة القاهرة، 2025.
504 ## - BIBLIOGRAPHY, ETC. NOTE
Bibliography, etc. note ببليوجرافيا: صفحات 269-278.
520 ## - SUMMARY, ETC.
Summary, etc. واشتملت الدراسة على خمسة فصول كما يلى : - الفصل الأول : التعريف بالبحث تضمن الفصل خلفية البحث ومشكلتة وأهدافه واهميته وفروض البحث وحدوده ثم المصطلحات والمفاهيم يليها منهج البحث وإجراءاته والدراسات المرتبطة به. - الفصل الثانى : دمى خيـــــال الظل كموروث فنى وثقافى . -الفصل الثالث : "الفكر الفلسفى لإتجاهات من الفن الحديث كركيزة لاستلهام دمى معاصرة لخيال الظل". -الفصل الرابع : "مدخل تجريبى للجمع بين الأصالة والمعاصرة في تشكيل دمى خيال الظل ". - الفصل الخامس :تطبيقات البحث. -النتائج والتوصيات.
520 ## - SUMMARY, ETC.
Summary, etc. The Study Of This Research includes Five Chapters as follows1- Chapter One : Research Definition The chapter includes the background of the research ,its Problem,its purpose,its importance,the research hypothesis,the limits of the research, Terminology and concepts followed by pure Methodology,procedures and associated studies.2-Chapter Tow :shadow puppets that remain as an artistic and cultural heritage 3-Chapter Three :Philosophical thought of trends of modern art as a pillar of inspiration for puppets contemporary to shadow imagination. 4-Chapter Four :A pediatric entrtrance to The collection between The originality and contemporary in the formation of shadow puppets 5-Chapter Five :the research experience
530 ## - ADDITIONAL PHYSICAL FORM AVAILABLE NOTE
Issues CD صدر أيضًا كقرص مدمج.
546 ## - LANGUAGE NOTE
Text Language النص بالعربية والملخص باللغة الإنجليزية والعربية.
650 #7 - SUBJECT ADDED ENTRY--TOPICAL TERM
Topical term or geographic name entry element خيال الظل
Source of heading or term qrmak
653 #0 - INDEX TERM--UNCONTROLLED
Uncontrolled term دمى خيال الظل
-- الفكر الفلسفى لإتجاهات من الفن الحديث
700 0# - ADDED ENTRY--PERSONAL NAME
Personal name فاطمة عبد العزيز المحمودى
Relator term مشرف أطروحة.
700 0# - ADDED ENTRY--PERSONAL NAME
Personal name أسامة محمد على
Relator term مشرف أطروحة.
900 ## - Thesis Information
Grant date 30-12-2024
Supervisory body فاطمة عبد العزيز المحمودى
-- أسامة محمد على
Discussion body إيمان كمال عبيد
-- أشرف أحمد محمود العيسوى
Universities جامعة القاهرة
Faculties كلية التربية النوعية
Department قسم التــربية الفــنية
905 ## - Cataloger and Reviser Names
Cataloger Name Sara Salah
Reviser Names Afaf
942 ## - ADDED ENTRY ELEMENTS (KOHA)
Source of classification or shelving scheme Dewey Decimal Classification
Koha item type Thesis
Edition 21
Suppress in OPAC No
Holdings
Source of classification or shelving scheme Home library Current library Date acquired Inventory number Full call number Barcode Date last seen Effective from Koha item type
Dewey Decimal Classification المكتبة المركزبة الجديدة - جامعة القاهرة قاعة الرسائل الجامعية - الدور الاول 12.02.2026 32966 Cai01.25.01.Ph.D.2024.سا.ص 01010100032966000 12.02.2026 12.02.2026 Thesis
Cairo University Libraries Portal Implemented & Customized by: Eng. M. Mohamady Contacts: new-lib@cl.cu.edu.eg | cnul@cl.cu.edu.eg
CUCL logo CNUL logo
© All rights reserved — Cairo University Libraries
CUCL logo
Implemented & Customized by: Eng. M. Mohamady Contact: new-lib@cl.cu.edu.eg © All rights reserved — New Central Library
CNUL logo
Implemented & Customized by: Eng. M. Mohamady Contact: cnul@cl.cu.edu.eg © All rights reserved — Cairo National University Library